000 01048nam a22003137a 4500
001 0104
003 DO-SdBPM
005 20250711111946.0
007 ta
008 151005b1987 sp 00| 0 spa d
020 _a847722014X
040 _aDO-SdBPM
_bspa
_cBPMSU
_erda
082 4 _a813.5
_bG248s 1986
_222
100 1 _aGaskin, Carol
_eautor
_d
245 1 3 _aEl secreto del tesoro real /
_cCarol Gaskin ; ilustraciones Ernie Colón ; traducción Margarita Cavándoli
264 _aBarcelona :
_bTimun mas,
_c1987.
300 _a126 páginas :
_bilustraciones,
_c18 cm.
336 _atexto
_btxt
_2rdacontent
337 _asin mediación
_bn
_2rdamedia
338 _avolumen
_bnc
_2rdacarrier
490 0 _aLa maquina del tiempo,
_v13
534 _pTítulo original.
_tSecret of the royal treasure.
590 _aInventariado, 2025/VM
650 7 _aCuentos infantiles estadounidenses.
700 1 _aCavándoli, Margarita
_etraductora
700 1 _aColón, Ernie
_eilustraciones
910 _aVMateo V. Control de calidad. BPMSU
942 _2ddc
_cBK
999 _c8606
_d8606